MARC details
| 000 -CABECERA |
| campo de control de longitud fija |
01249nam a2200277 a 4500 |
| 001 - NÚMERO DE CONTROL |
| campo de control |
000043264 |
| 005 - FECHA Y HORA DE LA ÚLTIMA TRANSACCIÓN |
| campo de control |
20250909091242.0 |
| 008 - DATOS DE LONGITUD FIJA--INFORMACIÓN GENERAL |
| campo de control de longitud fija |
140303s2009 sp 000 0 spa d |
| 020 ## - NÚMERO INTERNACIONAL ESTÁNDAR DEL LIBRO |
| Número Internacional Estándar del Libro |
9788483470930 |
| 040 ## - FUENTE DE LA CATALOGACIÓN |
| Centro catalogador/agencia de origen |
DO-SdBNP |
| Lengua de catalogación |
spia |
| Centro/agencia transcriptor |
BNPHU |
| 100 1# - ENTRADA PRINCIPAL--NOMBRE DE PERSONA |
| Nombre de persona |
Mársal, Juan Francisco |
| 9 (RLIN) |
70873 |
| 245 10 - MENCIÓN DE TÍTULO |
| Título |
prólogo de Benjamín Oltra ; edición e introducción de Juan Jesús Morales Martín y M. Carmen Rodríguez Rodríguez. |
| 260 ## - PUBLICACIÓN, DISTRIBUCIÓN, ETC. |
| Lugar de publicación, distribución, etc. |
Madrid : |
| Nombre del editor, distribuidor, etc. |
Agencia Española de Cooperación Internacional, |
| Fecha de publicación, distribución, etc. |
2009. |
| 300 ## - DESCRIPCIÓN FÍSICA |
| Extensión |
266 p. ; |
| Dimensiones |
24 cm. |
| 490 1# - MENCIÓN DE SERIE |
| Mención de serie |
Antología del pensamiento político, social y económico de América latina ; |
| Designación de volumen o secuencia |
11 |
| 490 1# - MENCIÓN DE SERIE |
| Mención de serie |
Ciencias y humanismo |
| 504 ## - NOTA DE BIBLIOGRAFÍA, ETC. |
| Nota de bibliografía, etc. |
Incluye referencias bibliográficas y notas al pie de las páginas |
| 504 ## - NOTA DE BIBLIOGRAFÍA, ETC. |
| Nota de bibliografía, etc. |
Bibliografía :p. 263-266 |
| 500 ## - NOTA GENERAL |
| Nota general |
Incluye datos biográficos del autor en al solapa de la cubierta |
| 700 1# - PUNTO DE ACCESO ADICIONAL--NOMBRE DE PERSONA |
| Nombre de persona |
Oltra, Benjamín, |
| Término indicativo de función/relación |
pról. |
| 9 (RLIN) |
70874 |
| 700 1# - PUNTO DE ACCESO ADICIONAL--NOMBRE DE PERSONA |
| Nombre de persona |
Morales Martín, Juan Jesús |
| Término indicativo de función/relación |
ed. |
| 9 (RLIN) |
70875 |
| 700 1# - PUNTO DE ACCESO ADICIONAL--NOMBRE DE PERSONA |
| Nombre de persona |
Rodríguez Rodríguez, M. Carmen |
| 9 (RLIN) |
70876 |
| 710 2# - PUNTO DE ACCESO ADICIONAL--NOMBRE DE ENTIDAD CORPORATIVA |
| Nombre de entidad corporativa o nombre de jurisdicción como elemento de entrada |
Agencia Española de Cooperación Internacional |
| 9 (RLIN) |
34585 |
| 830 #0 - PUNTO DE ACCESO ADICIONAL DE SERIE-TÍTULO UNIFORME |
| Título uniforme |
Antología del pensamiento político, social y económico de América latina |
| Designación de volumen o secuencia |
11 |
| 9 (RLIN) |
70870 |
| 830 #0 - PUNTO DE ACCESO ADICIONAL DE SERIE-TÍTULO UNIFORME |
| Título uniforme |
Ciencias y humanismo |
| 9 (RLIN) |
70218 |